Anatomia del fascismo / (Registro nro. 30703)

Detalles MARC
000 -LEADER
fixed length control field 00967nam a2200277Ia 4500
003 - CONTROL NUMBER IDENTIFIER
control field CO-CtgCURN
005 - DATE AND TIME OF LATEST TRANSACTION
control field 20250409212016.0
008 - FIXED-LENGTH DATA ELEMENTS--GENERAL INFORMATION
fixed length control field 190722s2004 xx g 000 0 spa d
020 ## - INTERNATIONAL STANDARD BOOK NUMBER
International Standard Book Number 848307681X
040 ## - CATALOGING SOURCE
Original cataloging agency CO-CtgCURN
Language of cataloging spa
Transcribing agency coctgcurn
Description conventions rda
082 ## - DEWEY DECIMAL CLASSIFICATION NUMBER
Classification number 335.6
Item number P342a
100 ## - MAIN ENTRY--PERSONAL NAME
Personal name Paxton, Robert O.
Dates associated with a name 1932-
9 (RLIN) 3298
245 #0 - TITLE STATEMENT
Title Anatomia del fascismo /
Statement of responsibility, etc. Robert O. Paxton; traducción., Jose Manuel Álvarez Flórez
260 ## - PUBLICATION, DISTRIBUTION, ETC.
Place of publication, distribution, etc. Bogotá, Colombia :
Name of publisher, distributor, etc. Grupo Editorial Norma,
Date of publication, distribution, etc. 2004
300 ## - PHYSICAL DESCRIPTION
Extent 366 páginas ;
Dimensions 24 centímetros
336 ## - CONTENT TYPE
Source rdacontent
337 ## - MEDIA TYPE
Source rdamedia
338 ## - CARRIER TYPE
Source rdacarrier
521 ## - TARGET AUDIENCE NOTE
Target audience note AREA SOCIOHUMANISTICA
590 ## - LOCAL NOTE (RLIN)
Local note Todos los programas académicos
650 ## - SUBJECT ADDED ENTRY--TOPICAL TERM
Topical term or geographic name entry element Ciencias políticas
9 (RLIN) 3299
650 ## - SUBJECT ADDED ENTRY--TOPICAL TERM
Topical term or geographic name entry element Fascismo
Geographic subdivision Europa
9 (RLIN) 3404
700 ## - ADDED ENTRY--PERSONAL NAME
Personal name Álvarez Flórez, José Manuel
Relator term traducción
9 (RLIN) 3300
942 ## - ADDED ENTRY ELEMENTS (KOHA)
Koha item type Libros
Classification part 335.6
Item part P342a
Source of classification or shelving scheme Dewey Decimal Classification
Existencias
Withdrawn status Lost status Source of classification or shelving scheme Damaged status Not for loan Collection Home library Current library Shelving location Date acquired Inventory number Total checkouts Full call number Barcode Date last seen Copy number Price effective from Koha item type
    Dewey Decimal Classification       Miguel Henríquez Castañeda Barranquilla Miguel Henríquez Castañeda Barranquilla General 05/23/2018 03210   335.6 P342a 03210 02/17/2020 ej.1 02/17/2020 Libros